002860000a2200061000450024501320000030000630013277300290019510aThe life of broad margins : LAM's focus on discipleship and leadership training largely traces to the remarkable Susan Strachan aVol. 76, Num. 4 (Octubre-Diciembre, 1996), Páginas 11-140 tLatin America Evangelist